[Event "Hampstead U2200 June 2013"]
[Site "Hampstead, UK"]
[Date "2013.06.30"]
[Round "4"]
[White "Atako, Chino"]
[Black "du Buf, Paul"]
[Result "1-0"]
[WhiteElo "2090"]
[BlackElo "2034"]
[EventRounds "5"]

1. d4 d5 2. Nf3 Nf6 3. Bg5 Bg4 4. Nbd2 e6 5. e3 h6 6. Bh4 g5 7. Bg3 Ne4 8. Be2
Nxg3 9. hxg3 Nd7 10. Ne5 Nxe5 11. Bxg4 Ng6 12. Qe2 Qd7 13. O-O-O f5 14. Bh5
Rg8 15. Kb1 O-O-O 16. c4 Kb8 17. Nf3 Qa4 18. Bxg6 Rxg6 19. Ne5 Rf6 20. c5 f4
21. gxf4 gxf4 22. b3 Qe8 23. c6 Rd6 24. Qb5 Rxc6 25. Nxc6+ Qxc6 26. Qxc6 bxc6
27. Rdf1 c5 28. g3 cxd4 29. exd4 Bg7 30. Rd1 Kb7 31. Rd2 Kb6 32. gxf4 Rxf4 33.
Re1 Rxd4 34. Rxd4 Bxd4 35. Rxe6+ Kc5 36. f4 h5 37. f5 h4 38. f6 h3 39. f7 Bg7
40. Re3 Kd4 41. Rxh3 {#r} 1-0

[Event "Hampstead U2200 June 2013"]
[Site "Hampstead, UK"]
[Date "2013.06.30"]
[Round "4"]
[White "McDougall, William M"]
[Black "Bedi, Adam"]
[Result "1-0"]
[WhiteElo "2098"]
[BlackElo "2026"]
[EventRounds "5"]

1. d4 d5 2. c4 dxc4 3. e4 e6 4. Bxc4 Nf6 5. e5 Nd5 6. Nf3 c5 7. O-O Nc6 8.
dxc5 Bxc5 9. Qe2 Qc7 10. Rd1 Nce7 11. Nbd2 O-O 12. Ne4 Bb6 13. Bg5 Bd7 14.
Rac1 Bc6 15. a3 h6 16. Bd2 Ng6 17. Bxd5 exd5 18. Nd6 Rfd8 19. Bc3 Qd7 20. Nd4
Nf4 21. Qf3 Bxd4 22. Qxf4 Bxc3 23. Rxc3 Rf8 24. Rg3 Kh7 25. Nf5 Rg8 26. Rxg7+
Rxg7 27. Qxh6+ {#r} 1-0

[Event "Hampstead U2200 June 2013"]
[Site "Hampstead, UK"]
[Date "2013.06.30"]
[Round "4"]
[White "Neatherway, A Philip"]
[Black "Ronka, Erik"]
[Result "0-1"]
[WhiteElo "1863"]
[BlackElo "2117"]
[EventRounds "5"]

1. e4 e5 2. Nf3 Nc6 3. Bb5 f5 4. Nc3 fxe4 5. Nxe4 Nf6 6. d3 d5 7. Ng3 Bd6 8.
h3 O-O 9. Bxc6 bxc6 10. Be3 e4 11. Nd4 Bxg3 12. fxg3 c5 13. Nb3 d4 14. Bf4
exd3 15. O-O c4 16. Nd2 c3 17. bxc3 dxc3 18. Nf3 d2 19. Qe2 Qd5 20. a4 Bf5 21.
Nxd2 cxd2 22. Qxd2 Qxd2 23. Bxd2 Be4 24. c4 Rad8 25. Be3 a6 26. Rf4 Rd3 27.
Kf2 g5 {#R} 0-1

[Event "Hampstead U2200 June 2013"]
[Site "Hampstead, UK"]
[Date "2013.06.30"]
[Round "4"]
[White "Landau, Jonathan"]
[Black "Tasker, Michael W"]
[Result "1/2-1/2"]
[WhiteElo "1922"]
[BlackElo "2084"]
[EventRounds "5"]

1. e4 c5 2. Nf3 d6 3. d4 cxd4 4. Nxd4 Nf6 5. Nc3 Nc6 6. Bg5 e6 7. Qd2 Be7 8.
O-O-O O-O 9. Nb3 Qb6 10. f3 Rd8 11. Nb5 Rd7 12. Be3 Qd8 13. N5d4 Qc7 14. g4
Rd8 15. Nb5 Qb8 16. g5 Nd7 17. f4 Nc5 18. Nxc5 dxc5 19. Qc3 Rxd1+ 20. Kxd1 a6
21. Na3 b5 22. Qd2 Bb7 23. Bg2 Qc7 24. Kc1 c4 25. Nb1 b4 26. Qf2 Qa5 27. Rd1
Rd8 28. Rxd8+ Nxd8 29. Bb6 Qb5 30. Nd2 {#d} 1/2-1/2

[Event "Hampstead U2200 June 2013"]
[Site "Hampstead, UK"]
[Date "2013.06.30"]
[Round "4"]
[White "Dickson, George"]
[Black "Sagues, Vincent"]
[Result "1/2-1/2"]
[WhiteElo "2054"]
[BlackElo "1939"]
[EventRounds "5"]

1. Nf3 d5 2. g3 Nf6 3. Bg2 e6 4. O-O Bd6 5. d3 O-O 6. c4 c6 7. Nc3 Nbd7 8. e4
dxe4 9. dxe4 Qe7 10. Bg5 e5 11. Nh4 g6 12. Qf3 Qe6 13. Rfd1 Bc5 14. Rd2 Kg7
15. Rad1 Bd4 16. Ne2 c5 17. b4 b6 18. bxc5 bxc5 19. Nf5+ gxf5 20. exf5 e4 21.
fxe6 exf3 22. Bxf3 Nb6 23. e7 Re8 24. Nxd4 cxd4 25. Rxd4 Rxe7 26. c5 Rb8 27.
Bf4 Nbd7 28. Bxb8 Nxb8 29. Rd8 Rc7 30. Rb1 Nc6 31. Rdd1 Ne5 32. Bg2 Rxc5 33.
Rbc1 Rxc1 34. Rxc1 Be6 35. Rc5 Nc4 36. f4 Nb6 37. Ra5 Nc8 38. a3 Nd7 39. g4
Ndb6 40. f5 Bc4 41. Bb7 Bd3 42. Kf2 h6 43. Bxc8 Nxc8 44. Ke3 Bf1 45. h4 a6 46.
g5 hxg5 47. hxg5 Nb6 48. Rc5 Bb5 49. Kd4 Nd7 50. Rc7 Nb6 51. g6 Nd7 52. gxf7
Kxf7 53. Ra7 Kf6 54. a4 Bxa4 55. Rxa6+ Kxf5 56. Rxa4 Nf6 57. Ra1 Ke6 58. Rf1
Nd7 59. Rf2 Nf6 60. Rxf6+ Kxf6 {#d} 1/2-1/2

[Event "Hampstead U2200 June 2013"]
[Site "Hampstead, UK"]
[Date "2013.06.30"]
[Round "4"]
[White "Richards, John"]
[Black "Hall, Anthony"]
[Result "0-1"]
[WhiteElo "1813"]
[BlackElo "2037"]
[EventRounds "5"]

1. e4 d6 2. d4 Nf6 3. Nc3 g6 4. Nf3 Bg7 5. Be3 c6 6. Qd2 Qa5 7. Bd3 Nbd7 8.
O-O O-O 9. Rab1 Qc7 10. h3 a6 11. Bh6 e5 12. Bxg7 Kxg7 13. d5 c5 14. a4 h6 15.
Nh2 Nh5 16. Ng4 Rh8 17. Ne3 Ndf6 18. Ne2 g5 19. c4 Nf4 20. Ng3 Bd7 21. Ngf5+
Bxf5 22. Nxf5+ Kh7 23. b4 b6 24. bxc5 bxc5 25. Rb3 Rab8 26. Rfb1 Rxb3 27. Rxb3
Rb8 28. Rb1 Rxb1+ 29. Bxb1 Qb6 30. Qc2 Qb4 31. Qd1 Ne2+ 32. Qxe2 Qxb1+ 33. Kh2
Qxe4 34. Qxe4 Nxe4 35. f3 Nf6 36. Nxd6 Kg6 37. Kg1 Nd7 38. Nb7 Kf6 39. Kf2 Ke7
40. Ke3 Nb6 41. Nxc5 Nxc4+ 42. Ke4 Kd6 43. Nxa6 Nb6 44. a5 Nxd5 45. Nb8 Ne7
46. a6 f5+ 47. Kd3 Nc8 48. a7 Nxa7 49. Na6 Nc6 50. Kc4 Nd4 51. Nb4 Ne6 52. Nd3
e4 53. fxe4 fxe4 54. Nf2 e3 55. Ne4+ Ke5 56. Nc3 Nf4 57. g3 Nxh3 58. Ne2 Nf2
59. Kc3 Ke4 60. Kc4 Nh1 61. Kc3 h5 62. Kc2 Kf3 63. Kd1 Nxg3 64. Nd4+ Kf2 65.
Ne6 e2+ {#R} 0-1

[Event "Hampstead U2200 June 2013"]
[Site "Hampstead, UK"]
[Date "2013.06.30"]
[Round "4"]
[White "Psaila, Clarence"]
[Black "Liang, Jake Z"]
[Result "1/2-1/2"]
[WhiteElo "2016"]
[BlackElo "1754"]
[EventRounds "5"]

1. e4 c5 2. Nf3 Nc6 3. d4 cxd4 4. Nxd4 Nf6 5. Nc3 e5 6. Ndb5 d6 7. a4 a6 8.
Na3 Be7 9. Bc4 O-O 10. O-O Be6 11. Be3 Rc8 12. f3 Bxc4 13. Nxc4 Nd4 14. Bxd4
Rxc4 15. Be3 b6 16. Qd3 Qc7 17. Bg5 Rd8 18. Bxf6 Bxf6 19. Rfd1 Qc8 20. Qe3 Rc6
21. Rd5 Be7 22. Rad1 h6 23. Qe2 Qb7 24. R1d3 Qc8 25. Qd1 Qc7 26. Qe2 Qc8 27.
Rd1 Rc4 28. R5d3 Bf8 29. Qe3 {#d} 1/2-1/2

[Event "Hampstead U2200 June 2013"]
[Site "Hampstead, UK"]
[Date "2013.06.30"]
[Round "4"]
[White "Zhou, Yang Jian"]
[Black "Hayward, Alan"]
[Result "1/2-1/2"]
[WhiteElo "1667"]
[BlackElo "1954"]
[EventRounds "5"]

1. c4 d5 2. cxd5 Nf6 3. g3 Nxd5 4. Bg2 Nc6 5. Nc3 Nxc3 6. bxc3 e5 7. Nf3 e4 8.
Ng1 Bf5 9. Qa4 Be7 10. Bxe4 Bxe4 11. Qxe4 O-O 12. Nf3 Re8 13. d4 Bf6 14. Qd3
Qe7 15. Be3 Rad8 16. O-O h6 17. Qb5 Qd7 18. Qxb7 Rb8 19. Qa6 Re6 20. Qc4 Ne7
21. Rab1 Rxb1 22. Rxb1 Nd5 23. Bc1 Kh7 24. Qd3+ g6 25. e4 Nb6 26. Qe3 Bg7 27.
Qf4 Rf6 28. Qe3 Qa4 29. Qe2 Rc6 30. Rb4 Qa5 31. Rb3 Nc4 32. e5 Nb6 33. Ba3 Nd5
34. Qd2 Rc4 35. Bb4 Qa6 36. Ra3 Qb7 37. Qd3 Qb5 38. Nd2 Rxb4 39. cxb4 Qxb4 40.
Rb3 Qa5 41. a3 a6 42. Kg2 Bf8 43. Nc4 Qa4 44. Ne3 Nb6 45. Nc2 Qc6+ 46. f3 Nd5
47. Nb4 Bxb4 48. axb4 Qa4 49. Qb1 Qb5 50. Qb2 Kg7 51. Ra3 Qc4 52. Kf2 Nxb4 53.
Qc3 Qb5 54. Rb3 a5 55. Ra3 c6 56. Qb3 Qb6 57. Qc4 Qd8 58. Qc5 h5 59. Ke3 Qg5+
60. f4 Qf5 61. Kd2 Qe4 62. Re3 {#d} 1/2-1/2

[Event "Hampstead U2200 June 2013"]
[Site "Hampstead, UK"]
[Date "2013.06.30"]
[Round "4"]
[White "Joslin, Tim"]
[Black "Cavendish, Joshua Z"]
[Result "1-0"]
[WhiteElo "1946"]
[BlackElo "1666"]
[EventRounds "5"]

1. e4 c6 2. d4 d5 3. exd5 cxd5 4. c4 e6 5. Nf3 Ne7 6. Bf4 Ng6 7. Bg3 Bd6 8.
Nc3 Bxg3 9. hxg3 Nc6 10. Rc1 a6 11. Bd3 dxc4 12. Bxc4 O-O 13. Ne4 b5 14. Bb3
Na5 15. Bc2 Bb7 16. Nfg5 f5 17. Qh5 Rf6 18. Qxh7+ Kf8 19. Nc5 Bd5 20. Kf1 Bc4+
21. Kg1 Qxd4 22. Rd1 Qxc5 23. Rd7 Ke8 24. Rxg7 Nf8 25. Qh5+ Kd8 26. Ne4 Qe5
27. Nxf6 Qxf6 28. Rf7 Qxb2 29. Qg5+ Kc8 30. Rxf8+ Kb7 31. Rh7+ Kb6 32. Rxa8
Qxc2 33. Qe3+ Kc6 34. Rxa6+ Kd5 35. Rd7# 1-0

[Event "Hampstead U2200 June 2013"]
[Site "Hampstead, UK"]
[Date "2013.06.30"]
[Round "4"]
[White "Brozel, Sacha"]
[Black "Dydak, Mateusz"]
[Result "1/2-1/2"]
[WhiteElo "1706"]
[BlackElo "1892"]
[EventRounds "5"]

1. d4 f5 2. c4 Nf6 3. g3 g6 4. Bg2 Bg7 5. Nc3 O-O 6. e3 c6 7. Nge2 d6 8. O-O
Qe8 9. d5 Bd7 10. Qb3 Bc8 11. dxc6 bxc6 12. c5+ Qf7 13. Qxf7+ Rxf7 14. cxd6
exd6 15. Rd1 d5 16. Nd4 Ne4 17. Bd2 Re7 18. Rac1 Bd7 19. a3 a5 20. Na4 Ra7 21.
Nc5 {#d} 1/2-1/2

[Event "Hampstead U2200 June 2013"]
[Site "Hampstead, UK"]
[Date "2013.06.30"]
[Round "4"]
[White "Pinzhenin, Alexsei"]
[Black "Dwarakanathan, Srinidhi"]
[Result "1-0"]
[WhiteElo "1828"]
[BlackElo "1218"]
[EventRounds "5"]

1. d4 Nf6 2. c4 e5 3. dxe5 Ng4 4. Bf4 Nc6 5. Nf3 Bb4+ 6. Nbd2 Qe7 7. a3 Bxd2+
8. Qxd2 Ngxe5 9. Nxe5 Nxe5 10. e3 d6 11. Be2 O-O 12. O-O Be6 13. Qc3 Bf5 14.
Rfd1 Rad8 15. Rd4 c5 16. Rd2 b6 17. Rad1 Rfe8 18. Bxe5 dxe5 19. Rxd8 Rxd8 20.
Rxd8+ Qxd8 21. Qxe5 Be6 22. Qc3 h6 23. Bd3 Qg5 24. Qc2 f5 25. b4 Bd7 26. Qd2
Bc6 27. Bf1 h5 28. bxc5 bxc5 29. Qd6 Be8 30. Qxc5 a6 31. Qd5+ Bf7 32. Qa8+ Kh7
33. Qxa6 Qd8 34. c5 Qc7 35. Qb6 Qc8 36. a4 Bd5 37. a5 Ba8 38. a6 Qe8 39. Qd6
Qc8 40. h4 g6 41. Bb5 Kh6 42. c6 Kh7 43. Qd7+ Qxd7 44. cxd7 Bd5 45. d8=Q Bg8
46. Qf6 Kh6 47. Be8 Bh7 48. Qf8# 1-0

[Event "Hampstead U2200 June 2013"]
[Site "Hampstead, UK"]
[Date "2013.06.30"]
[Round "4"]
[White "Horlock, Peter J"]
[Black "Burgoyne, Peter"]
[Result "0-1"]
[WhiteElo "1657"]
[BlackElo "1689"]
[EventRounds "5"]

1. e4 c5 2. Nf3 e6 3. d4 cxd4 4. Nxd4 Bc5 5. Be3 Qb6 6. Nc3 Nc6 7. Na4 Qa5+ 8.
c3 Bxd4 9. Bxd4 Nxd4 10. Qxd4 Nf6 11. Qd1 O-O 12. Bd3 d6 13. b4 Qc7 14. c4 d5
15. cxd5 exd5 16. Rc1 Qe7 17. O-O dxe4 18. Re1 Qxb4 19. Rc4 Qd6 20. Bxe4 Qxd1
21. Rxd1 Nxe4 22. Rxe4 Be6 23. Nc5 Rfd8 24. Rde1 Bd5 25. R4e2 Bc6 26. Rc1 b6
27. Nb3 Bd5 28. Na1 Be6 29. h3 Rac8 30. Rce1 Kf8 31. Kh2 Rc6 32. Nc2 Rcd6 33.
Ne3 Rd2 34. a3 Rxe2 35. Rxe2 Rd3 36. Nc2 Bc4 37. Re4 Bd5 38. Re2 b5 39. Nb4
Rd4 40. Re5 Bc4 41. Nc6 Rd7 42. a4 bxa4 43. Rc5 Bb3 44. Rb5 g6 45. Rb8+ Kg7
46. Rb4 Rd2 47. Nxa7 Rxf2 48. Nb5 Rc2 49. Rd4 Rc4 50. Rd2 Rb4 51. Na3 Be6 52.
Rd1 Rb3 53. Ra1 Rb2 54. Kg1 Bd5 55. g4 Rg2+ 56. Kf1 Rh2 57. Kg1 {#R} 0-1

[Event "Hampstead U2200 June 2013"]
[Site "Hampstead, UK"]
[Date "2013.06.30"]
[Round "4"]
[White "Parry, Jacques"]
[Black "Minguez, Iluminada"]
[Result "0-1"]
[WhiteElo "1762"]
[BlackElo "1860"]
[EventRounds "5"]

1. Nf3 d5 2. d4 Nf6 3. c4 e6 4. g3 c6 5. Bg2 Bd6 6. Qc2 Nbd7 7. O-O O-O 8. b3
e5 9. dxe5 Nxe5 10. cxd5 Nxd5 11. Rd1 Qf6 12. Bb2 Nxf3+ 13. Bxf3 Be5 14. Bxe5
Qxe5 15. Na3 Be6 16. Nc4 Qf6 17. Qb2 Qe7 18. Rac1 Rfd8 19. Qa3 Qxa3 20. Nxa3
Nb4 21. Nc4 Kf8 22. a3 Nd5 23. e4 Nf6 24. e5 Nd7 25. Re1 Nc5 26. Re3 Rd7 27.
b4 Nd3 28. Rc3 Rad8 29. Be2 Bxc4 30. Rxc4 Nb2 31. Rce4 Rd4 32. e6 Rxe4 33.
Rxe4 fxe6 34. Rxe6 Kf7 35. Re3 Re8 36. Bh5+ g6 37. Rxe8 Kxe8 38. Be2 Ke7 39.
Kf1 Kd6 40. Ke1 Ke5 41. Kd2 Kd4 42. Kc2 Na4 43. Bf1 Nb6 44. Be2 Nd5 45. Bf1
Nc3 46. Bd3 Nd5 47. Be2 Nf6 48. f3 Ke3 49. Kd1 Kf2 50. Kd2 Kg2 51. Ke3 Kxh2
52. g4 Kg3 53. Kd4 Kf4 54. Kc5 h5 55. gxh5 gxh5 56. Kd6 Nd5 57. Kd7 h4 58. Bf1
Kxf3 59. Kc8 Ne3 {#R} 0-1

[Event "Hampstead U2200 June 2013"]
[Site "Hampstead, UK"]
[Date "2013.06.30"]
[Round "4"]
[White "Millward, David J"]
[Black "Ngulube, Michael"]
[Result "1-0"]
[WhiteElo "1998"]
[BlackElo "1685"]
[EventRounds "5"]

1. e4 e5 2. Nf3 Nc6 3. Bb5 a6 4. Ba4 Nf6 5. O-O Be7 6. Re1 b5 7. Bb3 d6 8. c3
O-O 9. h3 Na5 10. Bc2 c5 11. d4 Qc7 12. Nbd2 cxd4 13. cxd4 Nc6 14. dxe5 dxe5
15. Nf1 Rd8 16. Qe2 Bb7 17. Bd2 Rac8 18. Rac1 h6 19. Bb1 Qd6 20. Ng3 a5 21.
Nf5 Qd7 22. Qxb5 Nd4 23. N5xd4 Rxc1 24. Rxc1 Qxb5 25. Nxb5 Nxe4 26. Bxa5 Rc8
27. b4 f6 28. Rc7 {#r} 1-0

[Event "Hampstead U2200 June 2013"]
[Site "Hampstead, UK"]
[Date "2013.06.30"]
[Round "4"]
[White "Haddock, Paul"]
[Black "Hernandez Castro, Julio"]
[Result "0-1"]
[WhiteElo "1684"]
[BlackElo "1836"]
[EventRounds "5"]

1. e4 c6 2. d4 d5 3. exd5 cxd5 4. Nf3 Qc7 5. Bd3 Nc6 6. c3 Nf6 7. h3 g6 8. Bg5
Bg7 9. O-O O-O 10. Re1 h6 11. Be3 Bf5 12. Bxf5 gxf5 13. Nh4 e6 14. g3 Ne7 15.
Bf4 Qd7 16. Qe2 Rae8 17. Nd2 Ng6 18. Ndf3 Nxf4 19. gxf4 Ne4 20. Ne5 Bxe5 21.
dxe5 Kh7 22. Kh2 Qe7 23. Nf3 a6 24. Rg1 f6 25. Rg2 fxe5 26. Nxe5 Rg8 27. Rag1
Qh4 28. f3 Qxf4+ 29. Kh1 Ng3+ 30. Rxg3 Rxg3 31. Rxg3 Qxg3 32. Qg2 Qxe5 {#R}
0-1

[Event "Hampstead U2200 June 2013"]
[Site "Hampstead, UK"]
[Date "2013.06.30"]
[Round "4"]
[White "Winter, Malcolm J"]
[Black "Sharkey, Brian"]
[Result "1-0"]
[WhiteElo "1553"]
[BlackElo "1810"]
[EventRounds "5"]

1. d4 Nf6 2. Nf3 g6 3. Bg5 Bg7 4. Nbd2 h6 5. Bh4 g5 6. Bg3 Nh5 7. c3 d5 8. e4
c6 9. Be2 Nxg3 10. hxg3 Be6 11. Qc2 Nd7 12. O-O-O Qa5 13. a3 dxe4 14. Nxe4 Qb6
15. Ned2 O-O 16. Nxg5 Nf6 17. Nxe6 fxe6 18. Qg6 Kh8 19. Rxh6+ Bxh6 20. Qxh6+
Nh7 21. Bd3 Rf7 22. Rh1 Rg8 23. Qxh7+ Rxh7 24. Rxh7# 1-0

[Event "Hampstead U2200 June 2013"]
[Site "Hampstead, UK"]
[Date "2013.06.30"]
[Round "4"]
[White "Kalavannan, Koby"]
[Black "Klingher, Dominic"]
[Result "1/2-1/2"]
[WhiteElo "1749"]
[BlackElo "1642"]
[EventRounds "5"]

1. e4 e6 2. d4 d5 3. Nc3 Bb4 4. Bd3 dxe4 5. Bxe4 Nf6 6. Bd3 Nc6 7. Nge2 O-O 8.
O-O b6 9. Bg5 Bd6 10. Ne4 Be7 11. Nxf6+ Bxf6 12. Bxf6 Qxf6 13. Be4 Bb7 14. Qd3
g6 15. c3 Rfd8 16. Qc2 Qh4 17. Bf3 a5 18. Rfe1 Rab8 19. Rad1 Ne7 20. Bxb7 Rxb7
21. Ng3 Rd5 22. Re4 Qf6 23. Qc1 Rb8 24. Rf4 Qg7 25. Ne4 Rf5 26. Ng3 Rxf4 27.
Qxf4 Nd5 28. Qd2 Rd8 29. Re1 b5 30. Re5 b4 31. Nh5 Qf8 32. c4 Nb6 33. b3 f6
34. Rxa5 gxh5 35. Rxh5 Qg7 36. Rh3 Kh8 37. Rg3 Qf8 38. h3 e5 39. d5 Nd7 40.
Re3 Nb6 41. Qe2 Qh6 42. Qe1 Qf8 43. Qe2 Qh6 44. Qe1 Qf8 45. Qe2 {#d} 1/2-1/2

[Event "Hampstead U2200 June 2013"]
[Site "Hampstead, UK"]
[Date "2013.06.30"]
[Round "4"]
[White "Rosenbaum, Daniel A"]
[Black "Ritchie, Paul"]
[Result "1-0"]
[WhiteElo "1730"]
[BlackElo "1586"]
[EventRounds "5"]

1. d4 d5 2. Nf3 Nf6 3. e3 e6 4. Bd3 c5 5. b3 Nc6 6. Bb2 cxd4 7. exd4 Bd6 8.
Ne5 O-O 9. O-O Qc7 10. f4 Ne7 11. Nd2 Bd7 12. c4 b6 13. Rc1 Rac8 14. cxd5 Qb7
15. dxe6 Bxe6 16. Qe2 Rxc1 17. Rxc1 Bd5 18. Bc4 Rc8 19. Re1 Rd8 20. Bxd5 Nfxd5
21. Qf3 Bb4 22. Rd1 f6 23. Nd3 Bd6 24. Nc4 Bb8 25. g3 Nf5 26. Nb4 a5 27. Nxd5
Rxd5 28. Nxb6 Ne3 29. Qxe3 Qxb6 30. Qe8# 1-0

[Event "Hampstead U2200 June 2013"]
[Site "Hampstead, UK"]
[Date "2013.06.30"]
[Round "4"]
[White "Gergelova, Monika"]
[Black "Mitchell, Bob"]
[Result "0-1"]
[WhiteElo "1297"]
[BlackElo "1707"]
[EventRounds "5"]

1. e4 d6 2. Bc4 Nf6 3. Nc3 c6 4. d4 b5 5. Bb3 b4 6. Na4 Nxe4 7. Bxf7+ Kxf7 8.
d5 c5 9. b3 g6 10. Bb2 Bg7 11. Qf3+ Nf6 12. h3 Rf8 13. c4 Bf5 14. Ne2 Kg8 15.
Ng3 Bd7 16. Qe2 Na6 17. O-O Rf7 18. Rad1 Qc7 19. f4 Raf8 20. Rf2 Ne8 21. Rdf1
Bxb2 22. Qxb2 Ng7 23. Qe2 Qd8 24. Ne4 Nf5 25. g4 Nd4 26. Qe3 Nc7 27. Qg3 Rxf4
28. Ng5 Rxf2 29. Rxf2 Rxf2 30. Kxf2 Qf8+ 31. Kg2 Qg7 32. Qf2 h6 33. Ne4 Qf7
34. Qe3 g5 35. Nb2 Qf4 36. Nd1 Qxe3 37. Nxe3 Ne2 38. Nc2 Nc1 39. a3 bxa3 40.
Nxa3 Nxb3 41. Kf3 Kg7 42. Ke3 a5 43. Kd3 a4 44. Ng3 Kg6 45. Kc3 e5 46. Ne4 Ne8
47. Kb2 Nd4 48. Kc3 Ne2+ 49. Kd3 Nf4+ {#R} 0-1

[Event "Hampstead U2200 June 2013"]
[Site "Hampstead, UK"]
[Date "2013.06.30"]
[Round "4"]
[White "Hung, Dylan"]
[Black "Miu, Marinel"]
[Result "0-1"]
[WhiteElo "1490"]
[BlackElo "1700"]
[EventRounds "5"]

1. c4 e6 2. Nc3 d5 3. cxd5 exd5 4. d4 f5 5. g3 Nf6 6. Bg2 c6 7. f4 Bb4 8. Nf3
Ne4 9. Bd2 Qa5 10. Nxe4 fxe4 11. Ne5 e3 12. Bxb4 Qxb4+ 13. Kf1 Qxb2 14. Bf3
Bf5 15. Kg2 Nd7 16. g4 Nxe5 17. fxe5 Bg6 18. Qb3 Qxb3 19. axb3 O-O 20. b4 Rf4
21. Ra3 Rxd4 22. Rxe3 Rxb4 23. e6 Re8 24. h4 Kf8 25. Rf1 Rf4 26. Kg3 Rf6 27.
g5 Rf5 28. Rf2 Ke7 29. h5 Rxg5+ 30. Bg4 Bxh5 31. Kh4 Rxg4+ 32. Kxh5 Re4 33.
Rxe4 dxe4 34. Rf7+ Kxe6 35. Rxb7 Re7 36. Rb4 Kd5 37. e3 c5 {#R} 0-1

[Event "Hampstead U2200 June 2013"]
[Site "Hampstead, UK"]
[Date "2013.06.30"]
[Round "4"]
[White "Torrance, John"]
[Black "Lovell, William"]
[Result "1-0"]
[WhiteElo "1650"]
[BlackElo "1322"]
[EventRounds "5"]

1. f4 d5 2. Nf3 Nc6 3. e3 Nf6 4. b3 Bf5 5. Bb5 a6 6. Bxc6+ bxc6 7. Bb2 e6 8.
O-O Be7 9. d3 O-O 10. h3 h5 11. Ne5 c5 12. Nd2 Rc8 13. Qf3 Qd6 14. Qg3 Rfd8
15. Ndf3 Qb6 16. Nh4 Bh7 17. f5 d4 18. exd4 cxd4 19. Qf3 c5 20. Rae1 Rd6 21.
Nc4 Qc6 22. Nxd6 Qxd6 23. fxe6 fxe6 24. Qe2 Rc6 25. Bc1 Nd5 26. Qxh5 Rc8 27.
Qf7+ Kh8 28. Ng6+ Bxg6 29. Qxg6 Bf6 30. Bg5 Be5 31. Rf7 Rg8 32. Qh5# 1-0

[Event "Hampstead U2200 June 2013"]
[Site "Hampstead, UK"]
[Date "2013.06.30"]
[Round "4"]
[White "Humphries, Zak"]
[Black "Walker, Adrian"]
[Result "0-1"]
[WhiteElo "1450"]
[BlackElo "1643"]
[EventRounds "5"]

1. e4 e5 2. Nc3 Nf6 3. f4 d6 4. Nf3 Nc6 5. Bb5 Bd7 6. f5 Nd4 7. Bxd7+ Qxd7 8.
d3 h6 9. Nxd4 exd4 10. Ne2 c5 11. O-O Be7 12. c3 d5 13. e5 Ng4 14. cxd4 cxd4
15. e6 fxe6 16. fxe6 Qxe6 17. Qa4+ Qc6 18. Qxc6+ bxc6 19. h3 Ne5 20. Nxd4 Bc5
21. Be3 Nxd3 22. Nf5 Bxe3+ 23. Nxe3 Rf8 24. Nf5 g6 25. Nxh6 Ke7 26. b3 Rxf1+
27. Kxf1 Rf8+ 28. Ke2 Nf4+ 29. Kd2 Nxg2 30. Ng4 Kd6 31. Rg1 Nh4 32. a4 Nf3+
{#R} 0-1

[Event "Hampstead U2200 June 2013"]
[Site "Hampstead, UK"]
[Date "2013.06.30"]
[Round "4"]
[White "Byrne, Ken J"]
[Black "Sheera, Sophia"]
[Result "1/2-1/2"]
[WhiteElo "1194"]
[BlackElo "1338"]
[EventRounds "5"]

1. c4 e5 2. g3 Nf6 3. Bg2 Bc5 4. Nc3 c6 5. e4 d6 6. Nf3 O-O 7. O-O Be6 8. d3
h6 9. Bd2 Nbd7 10. Na4 Bb6 11. Nxb6 Qxb6 12. b3 d5 13. exd5 cxd5 14. Re1 Qc7
15. d4 exd4 16. Nxd4 Rfe8 17. Nxe6 fxe6 18. Bh3 e5 19. cxd5 Nxd5 20. Rc1 Qd6
21. Bb4 Qxb4 22. Qxd5+ Kh8 23. Qxd7 Rad8 24. Qf5 Qd2 25. Bg2 Rf8 {#d} 1/2-1/2

[Event "Hampstead U2200 June 2013"]
[Site "Hampstead, UK"]
[Date "2013.06.30"]
[Round "5"]
[White "Ruperez, Miguel Angel"]
[Black "Atako, Chino"]
[Result "0-1"]
[WhiteElo "2187"]
[BlackElo "2090"]
[EventRounds "5"]

1. d4 d5 2. c4 e5 3. dxe5 d4 4. Nf3 Nc6 5. g3 Nge7 6. Bg2 Ng6 7. O-O Be7 8. a3
O-O 9. b4 Ngxe5 10. Nxe5 Nxe5 11. Qc2 d3 12. exd3 Qxd3 13. Qxd3 Nxd3 14. Bd2
a5 15. b5 Nc5 16. Ra2 Be6 17. Bd5 Bxd5 18. cxd5 Rfd8 19. Re1 Bf6 20. Nc3 Bxc3
21. Bxc3 Rxd5 22. Bxa5 Ne6 23. Rxe6 fxe6 24. Bxc7 Rxb5 25. a4 Rc5 26. Bb6 Rc6
27. Be3 Rca6 28. Rb2 Rxa4 29. Rxb7 Re8 30. Bc5 h5 31. h4 Rc4 32. Be3 Rc6 33.
Kg2 Rf8 34. Bd4 Rf7 35. Rxf7 Kxf7 36. Be3 Kg6 37. Bd4 Rc7 38. Bb6 Rb7 39. Bd4
Kf5 40. Be3 g6 41. Bh6 Rb3 42. Bg5 Ke4 43. Be7 Rf3 44. Bd8 Rf7 45. Bg5 e5 46.
Be3 Kd3 47. Bc5 Ke2 48. Bb6 e4 49. Bd4 Rf3 50. Bb6 Rf5 51. Be3 Rd5 52. Bb6 g5
53. hxg5 Rxg5 54. Kh3 Kf3 55. Kh4 Rf5 56. Kh3 Rb5 57. Bd4 Rd5 58. Be3 Rd3 59.
Kh4 Rxe3 60. fxe3 Kxe3 61. Kxh5 Kf3 62. g4 e3 63. g5 e2 64. g6 e1=Q 65. Kh6
Qh4+ 66. Kg7 Kg4 67. Kf7 Qh5 {#R} 0-1

[Event "Hampstead U2200 June 2013"]
[Site "Hampstead, UK"]
[Date "2013.06.30"]
[Round "5"]
[White "Ronka, Erik"]
[Black "Doci, Stefan"]
[Result "1/2-1/2"]
[WhiteElo "2117"]
[BlackElo "2059"]
[EventRounds "5"]

1. d4 d5 2. c4 e6 3. Nc3 Nf6 4. cxd5 exd5 5. Bg5 Be7 6. e3 O-O 7. Bd3 Nbd7 8.
Nge2 Re8 9. O-O c6 10. Qc2 Nf8 11. f3 Ng6 12. h3 Nh5 13. Bxe7 Qxe7 14. e4 Qg5
15. Kh2 Ngf4 16. Nxf4 Qg3+ 17. Kh1 Nxf4 18. Rad1 Re6 19. Qf2 Qg5 20. Ne2 Rh6
21. Nxf4 Qxf4 22. Qd2 Qg3 23. Qf2 Qf4 24. Qd2 Qg3 25. Qf2 {#d} 1/2-1/2

[Event "Hampstead U2200 June 2013"]
[Site "Hampstead, UK"]
[Date "2013.06.30"]
[Round "5"]
[White "Perez Carballo, Manuel"]
[Black "McDougall, William M"]
[Result "0-1"]
[WhiteElo "2143"]
[BlackElo "2098"]
[EventRounds "5"]

1. Nc3 a6 2. d4 d6 3. e4 g6 4. Be2 Bg7 5. Be3 Nf6 6. g4 h5 7. gxh5 Nxh5 8. Qd2
c6 9. Bf3 Qc7 10. Nge2 b5 11. Ng3 Nxg3 12. hxg3 Rxh1+ 13. Bxh1 Bb7 14. f4 Nd7
15. Qh2 Nf8 16. O-O-O O-O-O 17. f5 Bf6 18. g4 Nd7 19. Qh7 c5 20. fxg6 fxg6 21.
Qxg6 Rh8 22. Ne2 Qa5 23. g5 Bxd4 24. Nxd4 cxd4 25. Bxd4 Rh2 26. Qg8+ Kc7 27.
Qb3 b4 28. Kb1 Qxg5 29. Qxb4 Qh5 30. Qe1 Nc5 31. Qf1 Nxe4 32. Bf3 Qf5 33. Qc4+
Kd7 34. Be2 Qf4 35. Ka1 e5 36. Rf1 Nf2 37. Bxf2 Rxf2 38. Rg1 Qxc4 39. Bxc4
Rxc2 40. Bd3 Rd2 41. Bf5+ Kc7 42. Kb1 Kb6 43. Kc1 Rh2 44. Rg6 Kc5 45. b4+ Kxb4
46. Rxd6 Kc3 47. Rd3+ Kc4 48. Rd7 Bf3 49. Rh7 Rf2 50. Rf7 Kd4 51. Bg4 e4 52.
Bc8 a5 53. Rd7+ Kc3 54. Rc7+ Kb4 55. Rc2 Rxc2+ 56. Kxc2 Ka3 57. Kb1 e3 58. Ba6
Bd5 59. Be2 Bxa2+ 60. Ka1 Bd5 61. Kb1 Kb3 62. Bh5 Kc3 63. Bg4 Kd2 64. Bh5 Bc4
65. Kb2 Be2 66. Be8 Bf3 67. Bb5 Be4 {#R} 0-1